[Event "NED-ch op-A"]
[Site "Borne"]
[Date "2019.08.06"]
[Round "6"]
[White "Allaart, Jibbe"]
[Black "Vijver, Jonathan"]
[Result "0-1"]
[WhiteElo "466"]
[BlackElo "999"]
[PlyCount "36"]
[EventDate "2019.08.05"]
[EventType "swiss"]
[EventRounds "9"]
[EventCountry "NED"]
[SourceTitle "EXT 2020"]
[Source "ChessBase"]
[SourceDate "2019.10.17"]
[SourceVersion "1"]
[SourceVersionDate "2019.10.17"]
[SourceQuality "1"]

1. e4 e5 2. Nf3 Nc6 3. Nc3 Nf6 4. Bc4 Nxe4 5. Nxe4 d5 6. Bxd5 Qxd5 7. Nc3 Qd8 8. 0-0 Be7 9. d3 Bg4 10. h3 Bh5 11. g4 Bg6 12. Be3 h5 13. Nb5 hxg4 14. hxg4 a6 15. Nc3 Qd7 16. Nd2 Nb4 17. Nc4 Qc6 18. Nxe5 Qh1# 0-1